[Event "European Blitz-ch 2018"]
[Site "Skopje"]
[Date "2018.12.06"]
[Round "2"]
[White "Sadiku, Bedri"]
[Black "Jovanovic, Zoran"]
[Result "1-0"]
[WhiteElo "2237"]
[BlackElo "2518"]
[Annotator "TA"]
[PlyCount "115"]
[EventDate "2018.12.06"]
[EventType "swiss"]
[EventCountry "MKD"]
[SourceTitle "playchess.com"]
[Source "ChessBase"]
[SourceQuality "1"]

{[%evp 14,115,0,8,12,0,10,9,12,0,17,31,30,-4,-7,-112,-109,-123,0,0,0,0,0,0,27,28,28,-16,0,0,13,4,11,0,20,-6,22,20,20,20,29,20,20,20,52,28,73,8,20,0,75,78,112,0,0,0,0,0,0,0,1229,1425,1242,1224,5597,1016,1189,1155,1191,1213,1158,1162,1227,1196,1210,1192,1049,-1162,-1160,-1097,-999,-810,0,0,0,0,0,0,148,85,104,0,29989,29990,29993,5879,29981,29982,29983,29984,29980,29981,29993,29994]} 1. d4 d6 2. c4 e5 3. Nf3 e4 4. Ng1 {[%cal Bf3g1,Bg1h3,Bh3f4][%mdl 32]} f5 5. Nc3 Be7 (5... c6 6. d5 Nf6 7. h4 cxd5 8. Nxd5 Nxd5 9. Qxd5 Na6 10. Bg5 Qb6 11. Qd2 d5 12. Be3 Qc7 13. Qxd5 {½-½ (21) Turov,M (2667)-Castaneda,G (2522) Helmond 2012}) 6. g3 {A21: English Opening: 1...e5 2 Nc3} Nf6 7. h4 c6 8. Nh3 {LiveBook: 12 Games. The position is equal.} Nbd7 9. Bg5 $146 ({Predecessor:} 9. Nf4 Nf8 10. Bh3 Ng6 11. Nxg6 hxg6 12. Bg5 Be6 13. Qa4 Nd7 14. d5 Bxg5 15. hxg5 {0-1 (47) Gorniak,Y-Popov,N Moldova 1983}) 9... Nb6 10. e3 Be6 11. b3 d5 {[%cal Rd5c4]} 12. Nf4 Bf7 13. cxd5 (13. c5 {looks sharper.} Nbd7 14. Bh3 g6 15. Bh6 Bf8 16. Bxf8 Nxf8 17. b4) 13... Bb4 14. Qd2 (14. Qc2 $11) 14... Nbxd5 $17 15. Nfxd5 Bxd5 (15... cxd5 $17 16. a3 Qa5) 16. Bxf6 $11 Qxf6 17. a3 $36 {[%mdl 2048] White is more active.} Bxc3 18. Qxc3 O-O 19. Bc4 Rad8 20. O-O Qg6 21. Kh2 Qg4 22. Qd2 Rf6 23. Rh1 Rfd6 24. Rac1 Kh8 25. Qd1 Qg6 26. Qe2 Qe6 27. Bxd5 Rxd5 28. b4 Qd6 29. Kg2 a5 30. Qc4 (30. Rc4 $16) 30... axb4 31. Qxb4 Qd7 (31... Qxb4 $11 {keeps the balance.} 32. axb4 Rb5) 32. Rc5 $16 f4 33. exf4 (33. Rxd5 $1 $16 f3+ 34. Kh2 cxd5 35. Rb1) 33... Rxd4 $11 34. Qb1 {[#]} e3 $1 {[%mdl 512]} 35. fxe3 Rd3 {( -> ...Qg4)} 36. Re5 Qg4 $2 {[%mdl 8192] [#]} (36... Rxa3 $11 37. Rd1 Ra2+ 38. Qxa2 Qxd1) 37. Qxd3 $1 $18 {[%cal Rd3d8][%mdl 512]} Qc8 (37... Rxd3 38. Re8#) 38. Qe2 Qd7 39. Re1 h6 40. Qc2 b6 41. Re2 c5 42. Qc4 Qg4 43. e4 Kh7 44. Rd5 Ra8 45. Rd3 $4 {[%mdl 8192]} (45. Re3 $18) 45... Qxe2+ $19 {[%mdl 4096] Endgame KQR-KQR} 46. Kh3 Qf1+ $1 47. Kg4 {[#]} Qe2+ $2 (47... Rxa3 $1 $19 {[%mdl 512]} 48. Qf7 (48. Rxa3 Qxc4) 48... Qxd3 49. Qf5+ Kg8 50. Qe6+ Kf8) 48. Kh3 $11 h5 49. Qd5 Qg4+ 50. Kg2 Re8 (50... Qe2+ $11 {remains equal.} 51. Kh1 Qf1+ 52. Kh2 Qe2+ 53. Kg1 Qe1+ 54. Kh2 Qe2+ 55. Kh3 Qf1+ 56. Kh2 Qe2+) 51. Rf3 (51. Kf2 $142) 51... Re7 $16 52. f5 (52. e5 $16) 52... Rf7 $2 {[%mdl 8192]} (52... Rxe4 $11 53. f6 Re2+ 54. Rf2 Re3 55. Qf5+ Kg8 56. Qd5+ Kh7 57. Qf5+ Qxf5 58. Rxf5 gxf6 59. Rxf6 Rxa3) 53. Qxf7 Qxe4 54. Qxh5+ Kg8 55. Qg6 {White mates.} Qe2+ 56. Rf2 Qe4+ 57. Kh2 Qe3 58. Qe6+ {Accuracy: White = 44%, Black = 32%.} 1-0

[Event "European Blitz-ch 2018"]
[Site "Skopje"]
[Date "2018.12.06"]
[Round "2"]
[White "Martinov, Levko"]
[Black "Lagarde, Maxime"]
[Result "0-1"]
[WhiteElo "2225"]
[BlackElo "2616"]
[Annotator "TA"]
[PlyCount "42"]
[EventDate "2018.12.06"]
[EventType "swiss"]
[EventCountry "MKD"]
[SourceTitle "playchess.com"]
[Source "ChessBase"]
[SourceQuality "1"]

{[%evp 13,42,20,29,10,6,-8,-5,-4,21,10,5,-10,2,7,52,-17,-44,-87,-71,-97,-89,-83,-73,-135,-136,-161,-128,-188,-175,-466,-246]} 1. c4 g6 2. g3 Bg7 3. Bg2 e5 4. d3 f5 5. Nc3 c6 (5... Nc6 6. Rb1 a5 7. a3 d6 8. b4 axb4 9. axb4 Nf6 10. b5 Ne7 11. Qb3 O-O 12. Nf3 h6 13. Bb2 Be6 14. Nd2 d5 15. O-O c6 {½-½ (46) Georgiev,K (2644)-Maletin,P (2588) Dubai 2014}) 6. Nf3 {A21: English Opening: 1...e5 2 Nc3} d6 7. O-O Nf6 {LiveBook: 7 Games} 8. Bd2 {White has an edge.} O-O 9. Rb1 a5 10. a3 {[%cal Ba2a3,Ba3b4,Bb4b5][%mdl 32]} h6 11. b4 axb4 12. axb4 g5 13. b5 c5 $146 ({Predecessor:} 13... f4 14. Qb3 Qe8 15. Rfc1 c5 16. Be1 Qh5 17. Ne4 Bh3 18. Nxf6+ Bxf6 {0-1 (25) Ohlzon,N-Carlsson,D Hallsberg 1993}) 14. e3 (14. h4 $14 e4 15. dxe4 (15. hxg5 exf3 16. Bxf3 hxg5 $11) 15... Nxe4 16. Nxe4 fxe4 17. Nh2) 14... e4 $11 15. dxe4 fxe4 {[#] aiming for ...Bg4.} 16. Ne1 Bf5 17. Qc2 {[%cal Rc3e4]} Qe8 18. Bc1 (18. b6 $142) 18... Nbd7 $17 19. Bb2 Ne5 20. Qb3 {[#]} (20. Rc1 $17) 20... Qh5 $1 $19 {Hoping for ...Bh3.} 21. Rd1 $2 (21. Nd5 Nxd5 22. Bxe5 Bxe5 23. cxd5) 21... Nf3+ {Precision: White = 18%, Black = 72%.} (21... Bh3 $142 22. Bxh3 Qxh3) 0-1

[Event "European Blitz-ch 2018"]
[Site "Skopje"]
[Date "2018.12.06"]
[Round "2"]
[White "Karacsonyi, Gellert"]
[Black "Artemiev, Vladislav"]
[Result "0-1"]
[WhiteElo "2195"]
[BlackElo "2709"]
[Annotator "TA"]
[PlyCount "52"]
[EventDate "2018.12.06"]
[EventType "swiss"]
[EventCountry "MKD"]
[SourceTitle "playchess.com"]
[Source "ChessBase"]
[SourceQuality "1"]

{[%evp 22,52,25,13,43,6,25,-6,0,-13,-8,-56,-40,-40,-48,-50,-39,-58,-60,-137,-125,-131,-87,-368,-364,-439,-447,-437,-436,-432,-421,-499,-481]} 1. e4 c6 2. d4 d5 3. exd5 cxd5 4. Bd3 Nc6 5. c3 Qc7 6. Ne2 Bg4 7. f3 Bd7 8. O-O {B13: Caro-Kann: Exchange Variation and Panov-Botvinnik Attack} e6 9. Bf4 Bd6 10. Bxd6 Qxd6 11. Nd2 Nge7 12. f4 {LiveBook: 7 Games} Nf5 {White should prevent ...Ne3.} (12... f6 13. Qe1 O-O 14. Qg3 Rae8 15. Rae1 Nd8 16. Nb3 b6 17. Kh1 Nf7 {0-1 (36) David,A (2563)-Rodshtein,M (2678) Brest 2018}) 13. Bxf5 (13. Qe1 {feels hotter.} h5 14. Ng3 Nfe7 15. h4 g6 16. b4) 13... exf5 14. Nf3 $146 ({Predecessor:} 14. c4 b6 15. cxd5 Qxd5 16. Nf3 O-O 17. Nc3 Qd6 18. d5 Ne7 19. Qd4 b5 20. a3 {½-½ (20) Jensen,E-Rasmussen,E (2344) ICCF email 2007}) 14... f6 15. Qd3 O-O 16. g3 Rae8 17. Rae1 Na5 18. Nc1 Qb6 19. b3 Re4 $1 {...Bb5 is the strong threat.} 20. c4 ({White should play} 20. Rf2 $15) 20... dxc4 $17 21. bxc4 Be6 22. Rxe4 $4 {[%mdl 8192]} (22. c5 $17 Qd8 23. Qc3) 22... Bxc4 $19 ({Less strong is} 22... fxe4 23. Qxe4 Bxc4 24. Re1 $17) 23. Qc2 {[#] aiming for Re7.} fxe4 {Black is clearly winning.} 24. Qxe4 Bxf1 25. Kxf1 Qb5+ 26. Kg2 Re8 {Accuracy: White = 25%, Black = 50%.} 0-1

[Event "European Blitz-ch 2018"]
[Site "Skopje"]
[Date "2018.12.06"]
[Round "2"]
[White "Poznyak, Nazar"]
[Black "Ruck, Robert"]
[Result "0-1"]
[WhiteElo "2181"]
[BlackElo "2512"]
[Annotator "TA"]
[PlyCount "96"]
[EventDate "2018.12.06"]
[EventType "swiss"]
[EventCountry "MKD"]

{[%evp 21,96,-10,3,-6,-6,-68,-8,-40,-11,-16,0,-30,-9,-54,-67,-130,-48,-53,-38,-46,-15,-36,-36,-41,-41,-322,-327,-290,-84,-76,2,2,102,36,64,-64,-29,-69,-25,-31,-17,-58,-58,-58,-58,-58,-48,-52,-37,-46,-49,-62,-41,-161,-149,-173,-169,-179,-178,-215,-214,-408,-231,-408,-411,-407,-435,-389,-270,-288,-279,-453,-468,-475,-475,-562,-562]} 1. d4 Nf6 2. Nf3 e6 3. c4 b6 4. g3 Ba6 5. b3 d5 6. Bg2 dxc4 7. Ne5 Bb4+ 8. Bd2 cxb3 {E15: Queen's Indian: 4 g3 sidelines, 4 g3 Ba6 and 4 g3 Bb7 early deviations} 9. axb3 Bxd2+ 10. Qxd2 Nd5 11. O-O O-O {LiveBook: 3 Games} 12. Nc3 (12. Rc1 Bb7 13. Nc3 a5 14. Nxd5 exd5 15. Qc3 c6 16. b4 axb4 17. Qxb4 Rxa1 18. Rxa1 {0-1 (34) Airapetian,G (2429)-Yakovich,Y (2576) Voronezh 2010}) 12... Bb7 13. e4 (13. Rfc1 $11) 13... Ne7 (13... Nxc3 $15 14. Qxc3 a5) 14. Rfc1 $146 ({Predecessor:} 14. Rfd1 Nd7 15. Nc4 Qb8 16. f4 {0-1 (48) Gouloutis,N (1939)-Kargin,A (2440) Paleochora 2013}) 14... Nd7 {White must now prevent ...Nxe5.} 15. Nc4 Nf6 16. Qe3 a6 17. b4 Nc6 18. b5 (18. e5 $15 Nd5 19. Nxd5 exd5 20. e6) 18... axb5 ({Black should play} 18... Nxd4 $17 19. Nd6 cxd6 20. Qxd4 axb5 21. Nxb5 Rxa1 22. Rxa1 d5) 19. Rxa8 $15 Qxa8 20. Nxb5 Rc8 21. d5 exd5 22. exd5 Nb4 23. d6 $2 {[%mdl 8192]} (23. Bh3 $1 $15 Nbxd5 24. Qe5) 23... Bxg2 $19 24. Nxc7 Qb7 $2 (24... Qf3 $19 {and Black stays clearly on top. ...Qxe3 is the strong threat.} 25. Rc3 Qxe3 26. Nxe3 Bb7) 25. d7 $17 Rf8 ({But not} 25... Nxd7 $2 26. Nd6 $16) (25... Rd8 $1 $17 26. Nd6 Qf3) 26. Nd6 $11 Qb8 (26... Qf3 $11 {keeps the balance.} 27. Nce8 Qxe3 28. Nxf6+ gxf6 29. fxe3 Bc6) 27. Kxg2 ({Better is} 27. Nce8 $1 $16 Nxd7 28. Rc8 Qxc8 29. Nxc8) 27... Nxd7 $14 28. Qb3 (28. Qd4 $14 Nd3 29. Qxd3) 28... Na6 29. Qc4 Nxc7 (29... Nac5 $5 {[%cal Rb8c7]} 30. Ndb5 Nf6 $15) 30. Qxc7 Qa8+ 31. Kg1 Ne5 $36 {[%mdl 2048] And now ...Nf3+ would win. White is under pressure.} 32. Qb7 Qxb7 33. Nxb7 $15 {[%mdl 4096] Endgame KRN-KRN} Rb8 34. Nd6 Kf8 35. Rb1 Nd7 36. h4 g6 {[%cal Bg7g6,Bg6h5][%mdl 32]} 37. Re1 {[#]} (37. Kg2 $1 $15) 37... b5 $1 $19 {[%cal Bb6b5,Bb5b4,Bb4b3,Bb3b2][%mdl 32]} 38. Rb1 b4 39. Nc4 Nc5 40. h5 gxh5 41. Ne5 $2 (41. Nb2) 41... Rb7 (41... b3 $142 42. Nc4 {[#]} h4 $1 {[%mdl 512]} 43. gxh4 Rb4) 42. Nc6 $2 (42. Nc4 {was worth a try.}) 42... b3 43. Na5 Rb5 44. Nc4 Ke7 45. Re1+ Kf6 46. Kg2 $2 (46. Nb2 {keeps fighting.}) 46... b2 {Black is clearly winning.} 47. Rb1 Na4 48. Kh3 Rb4 {Accuracy: White = 23%, Black = 40%.} 0-1

[Event "European Blitz-ch 2018"]
[Site "Skopje"]
[Date "2018.12.06"]
[Round "2"]
[White "Marinskii, Yurii"]
[Black "Demidov, Mikhail"]
[Result "0-1"]
[WhiteElo "2174"]
[BlackElo "2520"]
[Annotator "TA"]
[PlyCount "132"]
[EventDate "2018.12.06"]
[EventType "swiss"]
[EventCountry "MKD"]
[SourceTitle "playchess.com"]
[Source "ChessBase"]
[SourceQuality "1"]

{[%evp 9,132,0,15,16,18,11,14,14,14,13,18,25,24,-10,-6,-16,-8,-10,-7,-11,-6,-13,-12,-12,-9,-12,0,-9,8,10,31,45,45,-16,-3,-33,-18,-240,-239,-249,-247,-248,-241,-254,-204,-255,-253,-331,-255,-304,-298,-323,-317,-352,-346,-429,-431,-433,-422,-527,-425,-466,-466,-464,-450,-456,-435,-504,-503,-501,-503,-481,-351,-351,-351,-354,-354,-706,-779,-758,-758,-724,-690,-670,-587,-602,-552,-4134,-3902,-2485,-4133,-2704,-2541,-2261,-1783,-1547,-1359,-4617,-2354,-2238,-1955,-1842,-1523,-29969,-29968,-29975,-29974,-29974,-29974,-29973,-8,-8,-8,-8,-8,-8,-8,-8,-8,-29981,-29981,-29981,-29982,-29983,-29981]} 1. e4 Nf6 2. e5 Nd5 3. d4 d6 4. exd6 exd6 5. g3 (5. Nf3 Be7 6. Bd3 Nb4 7. Be2 Bf5 8. Na3 O-O 9. O-O Bf6 10. c3 Nd5 11. Nc4 Re8 12. Re1 Nc6 13. Qb3 {0-1 (52) Chekhov,S (2463)-Demidov,M (2514) Sochi 2018}) 5... g6 $146 ({Predecessor:} 5... Be7 6. Bg2 Nb6 7. c4 O-O 8. b3 Bf6 9. Ne2 Re8 {½-½ (9) Dabic,M (2231)-Buric,D (2174) Osijek 2010}) 6. Bg2 {B03: Alekhine's Defence: Four Pawns Attack} Ne7 7. Ne2 Bg7 8. O-O {The position is equal.} O-O 9. c3 c6 10. Nd2 Re8 11. Ne4 d5 12. Nc5 Nd7 13. Nxd7 Bxd7 14. Re1 Nf5 {[%cal Be7f5,Bf5d6,Bd6e4][%mdl 32]} 15. Nf4 Qb6 16. Rxe8+ Rxe8 17. Nd3 Nd6 18. Bf4 Ne4 19. Qb3 Bf5 20. Qxb6 axb6 21. Rd1 (21. g4 $14 Bd7 22. f3) 21... Bf8 22. a3 Nd6 $36 {[%mdl 2048] Black is more active.} 23. Rd2 $2 {[#]} (23. Bf1 $11 {and White stays safe.}) 23... Nc4 $19 24. Rd1 Bxd3 25. Rxd3 Nxb2 26. Rd2 Bxa3 27. Kf1 Nc4 28. Rd1 Bd6 29. Bc1 Ra8 30. Bh3 f5 31. Bg2 Ra1 32. Ke2 Ra2+ 33. Ke1 b5 34. Bf1 Kf7 35. Bd3 b4 36. cxb4 Bxb4+ 37. Kf1 b5 38. h4 h5 39. Bg5 Nb2 40. Bb1 Nxd1 41. Bxa2 {[%mdl 4096] Endgame KBB-KBN} Nc3 42. Bb3 Ne4 43. Be3 $2 (43. Ke2) 43... Bd2 44. Ke2 Bxe3 45. Kxe3 {KB-KN} Ke6 46. Bd1 Nd6 47. f3 Kf6 48. g4 hxg4 49. fxg4 fxg4 50. Bxg4 Nf5+ 51. Kd3 b4 52. h5 g5 {[%cal Bg6g5,Bg5g4][%mdl 32]} 53. Bh3 Nh6 54. Bd7 g4 55. Bxc6 Ke6 56. Ke3 b3 57. Ba4 b2 58. Bc2 Nf5+ 59. Kf4 Nxd4 $2 (59... g3 {mates} 60. h6 Kf7 61. h7 Kg7 62. Kxf5 g2 63. Ke6 g1=Q 64. Kxd5 b1=Q 65. h8=Q+ Kxh8 66. Bxb1 Qxb1 67. Ke5 Qe1+ 68. Kd5 Qb1 69. Kc5 Kg7 70. Kd5 Kh8) 60. Bb1 $1 $11 Ne2+ 61. Kxg4 Nc3 62. Bc2 b1=Q 63. Bxb1 Nxb1 64. Kg5 $2 {[%mdl 8192] [#]} (64. h6 $11 Kf6 65. h7) 64... Nc3 {Black mates.} 65. h6 Kf7 66. Kf5 Nb5 {Accuracy: White = 32%, Black = 69%.} 0-1

[Event "European Blitz-ch 2018"]
[Site "Skopje"]
[Date "2018.12.06"]
[Round "2"]
[White "Bognar, Csaba"]
[Black "Laznicka, Viktor"]
[Result "0-1"]
[WhiteElo "2171"]
[BlackElo "2675"]
[Annotator "TA"]
[PlyCount "52"]
[EventDate "2018.12.06"]
[EventType "swiss"]
[EventCountry "MKD"]
[SourceTitle "playchess.com"]
[Source "ChessBase"]
[SourceQuality "1"]

{[%evp 16,52,-6,-6,0,-11,-2,-111,-89,-72,-77,-94,-83,-110,-123,-154,-139,-139,-129,-286,-281,-534,-544,-533,-543,-625,-599,-780,-746,-778,-777,-796,-738,-1099,-1090,-2718,-2499,-2154,-2177]} 1. d4 d5 2. Nf3 Nf6 3. g3 Bf5 4. Bg2 e6 5. O-O Be7 6. Nbd2 h6 7. c4 c6 8. b3 {D11: Slav Defence: 3 Nf3 sidelines and 3...Nf6 4 e3 Bg4} Nbd7 (8... O-O 9. Bb2 Nbd7 10. a3 a5 11. Ne1 Qb6 12. Nd3 Rfd8 13. Rc1 Ne4 14. Nf3 Qa6 15. a4 Bf6 16. Ba3 dxc4 17. bxc4 c5 18. e3 Rac8 {0-1 (42) Indjic,A (2542)-Ragger,M (2639) Warsaw 2014}) 9. Bb2 {LiveBook: 113 Games} a5 {[%cal Ba7a5,Ba5a4,Ba4a3][%mdl 32]} 10. Ne5 {The position is equal.} a4 11. f3 $146 (11. Nxd7 $11 {remains equal.} Nxd7 12. e4 dxe4 13. Bxe4) ({Predecessor:} 11. e3 O-O 12. f4 Qa5 13. a3 axb3 14. Nxb3 Qa4 15. Nd2 Qxd1 16. Rfxd1 {0-1 (70) Hirschinger,T (2087)-Heinzel,O (2340) Nuremberg 2009}) 11... Nxe5 12. dxe5 Qb6+ 13. Kh1 {[#]} a3 $1 {[%cal Ra3b2]} 14. Bc3 {[#]} d4 $1 {[%cal Rd4c3]} 15. exf6 Bxf6 16. Ne4 Bxe4 $1 ({Don't play} 16... dxc3 $6 17. Nxf6+ gxf6 18. e4 $11) 17. fxe4 $2 (17. Bd2 $17 Bg6 18. Qe1) 17... dxc3 $19 18. Qd3 $2 (18. Qd6) 18... Rd8 {Black is clearly winning.} 19. Qf3 {Black must now prevent e5!} O-O 20. Rac1 Rd2 21. g4 Rxa2 22. h4 Qc5 23. b4 Qe5 24. Rfd1 Rd2 {Threatens to win with ...Rxd1+.} 25. Rxd2 cxd2 26. Rd1 a2 {Accuracy: White = 12%, Black = 72%.} 0-1

[Event "European Blitz-ch 2018"]
[Site "Skopje"]
[Date "2018.12.06"]
[Round "2"]
[White "Varvadoukas, Theodoros"]
[Black "Blagojevic, Dragisa"]
[Result "0-1"]
[WhiteElo "2164"]
[BlackElo "2497"]
[Annotator "TA"]
[PlyCount "48"]
[EventDate "2018.12.06"]
[EventType "swiss"]
[EventCountry "MKD"]
[SourceTitle "playchess.com"]
[Source "ChessBase"]
[SourceQuality "1"]

{[%evp 21,48,-46,-25,-57,-58,-62,-87,-79,-34,-420,-421,-404,-399,-564,-579,-951,-926,-1641,-1641,-1596,-1574,-1825,-1802,-1676,-1600,-1650,-1595,-1490,-1291]} 1. c4 e6 2. g3 d5 3. Bg2 Nf6 4. Nf3 dxc4 5. Qa4+ c6 {[%cal Bc7c6,Bc6c5][%mdl 32]} 6. Qxc4 b5 7. Qc2 Bb7 8. O-O Nbd7 9. d4 c5 10. Rd1 {D30: Queen's Gambit Declined: Systems without Nc3} (10. dxc5 Bxc5 11. Nc3 Rc8 12. a3 O-O 13. Qd3 a6 14. Be3 Nb6 15. Qxd8 Rfxd8 16. Bxc5 Rxc5 17. Rfd1 Rdc8 18. Nd2 Bxg2 19. Kxg2 R5c6 20. a4 b4 21. Na2 a5 {0-1 (51) Hess,R (2574)-Wojtaszek,R (2727) Douglas 2018}) 10... Rc8 11. Qb3 a6 {LiveBook: 5 Games} 12. Bg5 {Black has an edge.} Qb6 13. dxc5 $146 ({Predecessor:} 13. a4 c4 14. Qc2 Be7 15. axb5 axb5 16. Ne5 Nxe5 17. Bxb7 Qxb7 18. dxe5 {½-½ (72) Adianto,U (2554)-Ghaem Maghami,E (2599) Beijing 2008}) 13... Bxc5 14. e3 h6 15. Bf4 $2 {[%mdl 8192]} (15. Bxf6 $1 $15 Nxf6 16. Ne1) 15... g5 $19 16. Be5 {[#] Black must now prevent Rxd7!} Bxf3 $1 17. Bxf6 (17. Rxd7 $142 Bxe3 18. Qxe3 Qxe3 19. fxe3 Rc1+ 20. Bf1 Kxd7 21. Bxf6) 17... Bxd1 {Black is clearly winning.} ({Not} 17... Nxf6 18. Bxf3 O-O 19. Nc3 $11) 18. Qc3 b4 19. Bxh8 bxc3 20. Nxc3 Bc2 21. Ne4 Bxe4 22. Bxe4 Ke7 23. Bc3 Nf6 24. Bg2 Nd5 0-1

[Event "European Blitz-ch 2018"]
[Site "Skopje"]
[Date "2018.12.06"]
[Round "2"]
[White "Jovanoski, Vasko"]
[Black "Saric, Ante"]
[Result "0-1"]
[WhiteElo "2145"]
[BlackElo "2533"]
[Annotator "TA"]
[PlyCount "54"]
[EventDate "2018.12.06"]
[EventType "swiss"]
[EventCountry "MKD"]
[SourceTitle "playchess.com"]
[Source "ChessBase"]
[SourceQuality "1"]

{[%evp 16,54,-47,-69,0,-19,-8,-11,-12,-14,0,-38,-36,-61,-50,-48,-53,-93,-85,-91,-100,-95,-100,-216,-76,-115,-48,-120,-134,-243,-243,-484,-467,-660,-686,-675,-635,-723,-792,-764,-741]} 1. d4 Nf6 2. Nf3 d5 3. a3 g6 4. b3 Bg7 5. Bb2 O-O 6. Nbd2 {D02: 1 d4 d5 2 Nf3 sidelines, including 2...Nf6 3 g3 and 2...Nf6 3 Bf4} c5 7. e3 cxd4 8. exd4 Nc6 9. Bd3 {LiveBook: 17 Games} b6 $146 ({Black should play} 9... Nh5 $15) ({Predecessor:} 9... Nh5 10. O-O Nf4 11. Bb5 Bg4 12. h3 Bh5 13. Bxc6 bxc6 14. Re1 c5 15. Qc1 c4 16. Re3 {0-1 (46) Mamedyarov,S (2808)-Aronian,L (2764) Leuven 2018}) 10. h3 Bb7 11. O-O Rc8 12. Re1 e6 13. b4 Re8 {[%cal Bf8e8,Be8e7,Be7c7,Bc7c2][%mdl 32]} 14. Rc1 Ne7 15. Ne5 Nf5 16. Qf3 Nd6 17. Qe2 Re7 18. Rcd1 Rec7 19. f3 {[#]} (19. Ba1 $17 {was worth a try.}) 19... Qe8 (19... Nh5 $1 $19 20. Nf1 Nf4) 20. Qf2 Bc6 (20... Qa4 $17 21. c3 Ba6 22. Bxa6 Qxa6) 21. Rc1 ({White should try} 21. Ba6 $15) 21... Bb5 $17 22. Qe3 (22. Bxb5 $17 Qxb5 23. c3) 22... Bxd3 $19 23. cxd3 $2 (23. Qxd3 {was forced.} Bh6 24. c3) 23... Rc2 {Black is clearly winning.} 24. Rb1 (24. Ndc4 $142 Nf5 25. Rxc2 Nxe3 26. Nxe3) 24... Nf5 25. Qf2 Bh6 26. Re2 Rxd2 {[%mdl 64] [#] Overworked Piece} 27. Rxd2 Be3 {Accuracy: White = 23%, Black = 60%.} 0-1

[Event "European Blitz-ch 2018"]
[Site "Skopje"]
[Date "2018.12.06"]
[Round "2"]
[White "Uruci, Besim"]
[Black "Ragger, Markus"]
[Result "0-1"]
[WhiteElo "2137"]
[BlackElo "2687"]
[Annotator "TA"]
[PlyCount "64"]
[EventDate "2018.12.06"]
[EventType "swiss"]
[EventCountry "MKD"]
[SourceTitle "playchess.com"]
[Source "ChessBase"]
[SourceQuality "1"]

{[%evp 17,64,10,23,0,0,-14,0,-14,9,-43,-18,-3,-20,-49,35,33,93,83,89,91,97,-134,-146,-143,-133,-229,-219,-280,-280,-314,-325,-314,-163,-450,-435,-595,-543,-539,-539,-537,-537,-697,-697,-697,-689,-681,-220,-676,-670]} 1. d4 Nf6 2. Nf3 g6 3. g3 Bg7 4. Bg2 O-O 5. O-O d5 6. b3 a5 {D02: 1 d4 d5 2 Nf3 sidelines, including 2...Nf6 3 g3 and 2...Nf6 3 Bf4} 7. Bb2 a4 8. e3 $146 ({Predecessor:} 8. Qc1 Ne4 9. c4 c6 10. Nbd2 Bf5 11. Rd1 axb3 12. axb3 Rxa1 13. Bxa1 Na6 14. Ne5 Nxd2 15. Qxd2 {½-½ (25) Saric,I (2628)-Mchedlishvili,M (2630) Germany 2013}) 8... Bf5 9. c4 c6 {LiveBook: 5 Games} 10. Nc3 a3 11. Bc1 Ne4 12. Qe1 Qa5 13. Nb1 (13. b4 $11 Qa7 14. cxd5) 13... dxc4 (13... Qxe1 {seems wilder.} 14. Rxe1 dxc4 15. bxc4 Rd8 16. Nxa3 Nc5) 14. Qxa5 Rxa5 15. bxc4 Nd6 (15... c5 $15) 16. Bxa3 $14 Nxc4 ({Better is} 16... Nd7 $14) 17. Bxe7 $16 Re8 18. Bb4 Ra8 19. Nc3 $2 (19. a4 $16) 19... Na6 $36 {[%mdl 2048] Keeping White busy.} 20. a3 {[#]} c5 $1 {[%mdl 576] Deflection} 21. Bxc5 (21. dxc5 $17 Nxb4 22. axb4 Bxc3 23. Rac1) 21... Nxc5 $19 22. dxc5 Bxc3 23. Rac1 Rxa3 24. Nd4 Bd3 (24... Bxd4 $142 25. exd4 Nd2) 25. Rfd1 $2 {[#]} (25. Nb5 {was the only defense.} Bb2 26. Nxa3 Nxa3 27. Bxb7) 25... Nb2 26. Bxb7 Nxd1 27. Rxd1 Ra1 28. Rxa1 Bxa1 29. c6 Bxd4 30. c7 Bf5 31. exd4 Re1+ 32. Kg2 Rc1 {Accuracy: White = 28%, Black = 43%.} 0-1

[Event "European Blitz-ch 2018"]
[Site "Skopje"]
[Date "2018.12.06"]
[Round "2"]
[White "Bruned, Boris"]
[Black "Perunovic, Milos"]
[Result "0-1"]
[WhiteElo "2133"]
[BlackElo "2597"]
[Annotator "TA"]
[PlyCount "74"]
[EventDate "2018.12.06"]
[EventType "swiss"]
[EventCountry "MKD"]
[SourceTitle "playchess.com"]
[Source "ChessBase"]
[SourceQuality "1"]

{[%evp 22,74,47,-16,51,31,40,15,34,33,32,-10,-2,-15,22,14,25,27,23,23,9,8,65,64,80,77,96,39,34,13,13,13,25,13,38,15,23,0,0,0,6,0,0,0,2,-38,-50,-54,-12,-388,-395,-382,-292,-704,-691]} 1. e4 c5 2. Nf3 {[%cal Bg1f3,Bf3d4,Bd4b5,Bb5c3,Bc3d5][%mdl 32]} e6 3. d4 cxd4 4. Nxd4 Nc6 5. Nb5 d6 6. Bf4 e5 7. Be3 Nf6 8. Bg5 a6 9. Bxf6 gxf6 10. N5c3 f5 11. Nd2 {B44: Sicilian: Taimanov: 5 Nb5} Bg7 12. Bc4 {LiveBook: 3 Games} (12. Qh5 $14) 12... Ne7 (12... O-O $11) (12... O-O 13. O-O Nd4 14. Nd5 fxe4 15. Nxe4 b5 16. Bb3 Kh8 17. f4 f5 18. Ng3 Ra7 {½-½ (42) Balogh,C (2630)-Mchedlishvili,M (2631) Warsaw 2013}) 13. Nd5 $146 {White is slightly better.} ({Predecessor:} 13. Qh5 O-O 14. Nd5 Nxd5 15. Bxd5 Be6 16. Bxe6 fxe6 17. O-O d5 {1-0 (41) Szakall,T (2105)-Horvath,A Paks 1998}) 13... O-O 14. O-O (14. Qf3 {seems wilder.} Bd7 15. c3 Rc8 16. Bb3 Nxd5 17. Bxd5 Qf6 18. exf5 Bxf5 19. Ne4) 14... Be6 15. Nxe7+ Qxe7 16. Bxe6 fxe6 17. exf5 exf5 18. Nc4 Qe6 19. Nb6 Rad8 {White should prevent ...d5.} 20. Qd5 Qxd5 21. Nxd5 e4 (21... Kf7 $11) 22. c3 $14 Be5 23. f4 Bg7 24. a4 (24. Ne7+ $16 Kh8 25. Rad1) 24... Kf7 25. Kf2 Ke6 26. Rfd1 Rc8 27. Rd2 h5 28. g3 h4 29. Rad1 hxg3+ 30. hxg3 Rh8 31. Ne3 Rh2+ 32. Ng2 Bf8 33. Kg1 (33. g4 $5) 33... Rh3 34. Kf2 Rc7 {[#] Threatens to win with ...Rg7.} 35. Rd5 $2 {[%mdl 8192]} (35. Ne3 $11 {and White is okay.}) 35... Rg7 $19 36. Ne3 Rhxg3 37. Nxf5 $2 (37. c4) 37... Rf3+ {[%mdl 64] Double Attack. Accuracy: White = 22%, Black = 31%.} 0-1